Dynamics of structures : (Record no. 10191)

MARC details
000 -LEADER
fixed length control field 00732 a2200217 4500
010 ## - LIBRARY OF CONGRESS CONTROL NUMBER
LC control number ENG-89183
020 ## - INTERNATIONAL STANDARD BOOK NUMBER
International Standard Book Number 9788120334465
Terms of availability 395.00
035 ## - SYSTEM CONTROL NUMBER
System control number EN-72716
037 ## - SOURCE OF ACQUISITION
Source of stock number/acquisition DBAD / PUB
082 14 - DEWEY DECIMAL CLASSIFICATION NUMBER
Classification number 624.171
090 ## - LOCALLY ASSIGNED LC-TYPE CALL NUMBER (OCLC); LOCAL CALL NUMBER (OCLC)
-- 10464
-- 10464
100 1# - MAIN ENTRY--PERSONAL NAME
Personal name Chopra, Anil K.
245 1# - TITLE STATEMENT
Title Dynamics of structures :
Remainder of title theory and applicatiions to earthquake engineering /
Statement of responsibility, etc by Anil K Chopra
250 ## - EDITION STATEMENT
Edition statement 3rd ed
260 ## - PUBLICATION, DISTRIBUTION, ETC. (IMPRINT)
Place of publication, distribution, etc New Delhi
Name of publisher, distributor, etc Prentice-Hall of India
Date of publication, distribution, etc 2008
270 ## - ADDRESS
Address M-97, Connaught Circus,
City New Delhi
Postal code 110001
300 ## - PHYSICAL DESCRIPTION
Extent xxxiv,876p
Dimensions 24 cm (pbk)
500 ## - GENERAL NOTE
General note Includes index
942 ## - ADDED ENTRY ELEMENTS (KOHA)
Institution code [OBSOLETE] dpl
Koha item type English Books
Call number prefix 624.171 / CHO
Holdings
Withdrawn status Lost status Source of classification or shelving scheme Damaged status Not for loan Collection code Home library Current library Source of acquisition Cost, normal purchase price Total Checkouts Full call number Barcode Date last seen Copy number Uniform Resource Identifier Cost, replacement price Price effective from Koha item type
    Dewey Decimal Classification   Not For Loan Non-fiction D.B.Act.Division D.B.Act.Division DBAD/PUB 395.00   624.171 CHO EN-72716 15/09/2008 1 11221 395.00 15/09/2008 English Books

© Delhi Public Library
Hit Counter
free hit counter